Michael Jackson Songs - Statistics

General Stats
  • This quiz has been taken 48 times
  • The average score is 48 of 130
Answer Stats
Album Song % Correct
HIStory: Past, Present and Future, Book I | Thriller Thriller
92%
HIStory: Past, Present and Future, Book I | Thriller Beat It
88%
Bad | HIStory: Past, Present and Future, Book I Bad
81%
Ben Ben
81%
HIStory: Past, Present and Future, Book I | Thriller Billie Jean
77%
Bad Smooth Criminal
77%
Dangerous | HIStory: Past, Present and Future, Book I Black or White
69%
Dangerous Dangerous
69%
Got to Be There Got to Be There
69%
Off the Wall Off the Wall
69%
Bad Dirty Diana
65%
Bad Liberian Girl
65%
HIStory: Past, Present and Future, Book I | Thriller The Girl Is Mine
65%
Thriller Wanna Be Startin' Somethin'
65%
HIStory: Past, Present and Future, Book I | Off the Wall Don't Stop 'Til You Get Enough
62%
Bad | HIStory: Past, Present and Future, Book I Man in the Mirror
62%
HIStory: Past, Present and Future, Book I Scream
62%
Bad | HIStory: Past, Present and Future, Book I The Way You Make Me Feel
62%
HIStory: Past, Present and Future, Book I HIStory
58%
Music & Me Music and Me
58%
Thriller P.Y.T. (Pretty Young Thing)
58%
Dangerous | HIStory: Past, Present and Future, Book I Remember the Time
58%
HIStory: Past, Present and Future, Book I | Off the Wall Rock with You
58%
Thriller Human Nature
54%
Invincible You Rock My World
54%
HIStory: Past, Present and Future, Book I Earth Song
50%
Dangerous | HIStory: Past, Present and Future, Book I Heal the World
50%
Invincible Invincible
50%
Dangerous Jam
50%
Bad Speed Demon
50%
HIStory: Past, Present and Future, Book I They Don't Care About Us
50%
Dangerous In the Closet
46%
Dangerous Who Is It
46%
Bad | HIStory: Past, Present and Future, Book I I Just Can't Stop Loving You
42%
Bad Leave Me Alone
42%
Got to Be There Rockin' Robin
42%
HIStory: Past, Present and Future, Book I Stranger in Moscow
42%
Thriller The Lady in My Life
42%
HIStory: Past, Present and Future, Book I 2 Bad
38%
Bad Another Part of Me
38%
Thriller Baby Be Mine
38%
Invincible Butterflies
38%
Dangerous Will You Be There
38%
Off the Wall Girlfriend
35%
HIStory: Past, Present and Future, Book I | Off the Wall She's Out of My Life
35%
HIStory: Past, Present and Future, Book I Wanna Be Startin' Somethin'
35%
Invincible Heaven Can Wait
31%
Off the Wall I Can't Help It
31%
Bad Just Good Friends
31%
HIStory: Past, Present and Future, Book I Little Susie
31%
Dangerous Why You Wanna Trip on Me
31%
Off the Wall Get on the Floor
27%
Dangerous Keep the Faith
27%
Got to Be There Maria (You Were the Only One)
27%
Ben My Girl
27%
Invincible Threatened
27%
Invincible Unbreakable
27%
Off the Wall Workin' Day and Night
27%
HIStory: Past, Present and Future, Book I You Are Not Alone
27%
Invincible 2000 Watts
23%
Invincible Break of Dawn
23%
Off the Wall Burn This Disco Out
23%
HIStory: Past, Present and Future, Book I Come Together
23%
Dangerous Give In to Me
23%
Dangerous Gone Too Soon
23%
Ben | Got to Be There In Our Small Way
23%
Got to Be There I Wanna Be Where You Are
23%
Forever, Michael One Day in Your Life
23%
HIStory: Past, Present and Future, Book I Smile
23%
Invincible Speechless
23%
Invincible The Lost Children
23%
Got to Be There Wings of My Love
23%
Got to Be There Ain't No Sunshine
19%
Dangerous Can't Let Her Get Away
19%
HIStory: Past, Present and Future, Book I D.S.
19%
Ben Greatest Show on Earth
19%
Invincible Heartbreaker
19%
Off the Wall It's the Falling in Love
19%
HIStory: Past, Present and Future, Book I Tabloid Junkie
19%
Invincible Whatever Happens
19%
HIStory: Past, Present and Future, Book I Childhood
15%
Forever, Michael Cinderella Stay Awhile
15%
Invincible Cry
15%
Ben Everybody's Somebody's Fool
15%
Music & Me Happy
15%
Got to Be There Love Is Here and Now You're Gone
15%
HIStory: Past, Present and Future, Book I Money
15%
Music & Me Morning Glow
15%
Ben People Make the World Go Round
15%
Dangerous She Drives Me Wild
15%
HIStory: Past, Present and Future, Book I This Time Around
15%
Music & Me Too Young
15%
Ben We've Got a Good Thing Going
15%
Music & Me With a Child's Heart
15%
Invincible You Are My Life
15%
Music & Me All the Things You Are
12%
Forever, Michael Dear Michael
12%
Music & Me Doggin' Around
12%
Invincible Don't Walk Away
12%
Music & Me Euphoria
12%
Got to Be There Girl Don't Take Your Love from Me
12%
Music & Me Johnny Raven
12%
Invincible Privacy
12%
Ben Shoo-Be-Doo-Be-Doo-Da-Day
12%
Forever, Michael Take Me Back
12%
Music & Me Up Again
12%
Ben What Goes Around Comes Around
12%
Forever, Michael You Are There
12%
Ben You Can Cry on My Shoulder
12%
Got to Be There You've Got a Friend
12%
Forever, Michael Dapper Dan
8%
Forever, Michael I'll Come Home to You
8%
Forever, Michael Just a Little Bit of You
8%
Forever, Michael We're Almost There
8%
Forever, Michael We've Got Forever
8%
No matching quizzes found
Score Distribution
Percent of People with Each Score
Percentile by Number Answered
Your Score History
You have not taken this quiz